States by Interstate Mileage over Population - Statistics

General Stats
  • This quiz has been taken 34 times
    33 since last reset
  • The average score is 23 of 50
Answers on the Map
Answers color-coded by a green-red scale on the quiz's map according to % correct below.
 
Answer Stats
Rank Answer % Correct
1 Hawaii
92%
2 Delaware
65%
3 New Jersey
58%
13 Texas
58%
50 Wyoming
58%
4 California
54%
46 North Dakota
54%
18 Ohio
54%
47 South Dakota
54%
49 Alaska
50%
6 Florida
50%
7 Maryland
50%
44 New Mexico
50%
5 Rhode Island
50%
44 Vermont
50%
10 Connecticut
46%
12 Georgia
46%
43 Idaho
46%
38 Maine
46%
8 Massachusetts
46%
48 Montana
46%
9 New York
46%
14 North Carolina
46%
40 Utah
46%
28 Indiana
42%
36 Iowa
42%
41 Kansas
42%
15 Michigan
42%
39 Mississippi
42%
37 Nebraska
42%
29 Nevada
42%
17 Virginia
42%
11 Washington
42%
31 Alabama
38%
20 Arizona
38%
35 Arkansas
38%
24 Colorado
38%
27 Illinois
38%
25 New Hampshire
38%
34 Oklahoma
38%
26 Oregon
38%
19 Pennsylvania
38%
23 South Carolina
38%
21 Tennessee
38%
42 West Virginia
38%
16 Wisconsin
38%
32 Kentucky
35%
30 Louisiana
35%
22 Minnesota
35%
33 Missouri
35%
No matching quizzes found
Score Distribution
Percent of People with Each Score
Percentile by Number Answered
Your Score History
You have not taken this quiz since the last reset